Close-Range Photogrammetry and 3D Imaging /
Salvato in:
| Altri autori: | , , , |
|---|---|
| Natura: | Libro |
| Lingua: | inglese |
| Pubblicazione: |
Berlin:
De Gruyter,
2014
|
| Edizione: | 2. vyd. |
| Soggetti: | |
| Tags: |
Nessun Tag, puoi essere il primo ad aggiungerne!!
|
MARC
| LEADER | 00000nam a22000003a 4500 | ||
|---|---|---|---|
| 001 | 0024147 | ||
| 003 | SK-STU | ||
| 005 | 20170530143006.2 | ||
| 007 | ta | ||
| 008 | 170530s ----xo-----e------000-0-----d | ||
| 020 | |a 978-3-11-030269-1 | ||
| 040 | |a STU |b slo | ||
| 041 | 0 | |a eng |h eng | |
| 044 | |a gw | ||
| 100 | 1 | |a Luhmann, Thomas |4 edt | |
| 245 | 1 | 0 | |a Close-Range Photogrammetry and 3D Imaging / |c ed. Thomas Luhmann ; ed. Stuart Robson, Stephen Kyle, Jan Boehm |
| 250 | |a 2. vyd. | ||
| 260 | |a Berlin: |b De Gruyter, |c 2014 | ||
| 300 | |a 684 s. | ||
| 650 | 0 | 7 | |a photogrammetry |
| 650 | 0 | 7 | |a object |
| 650 | 0 | 7 | |a camera calibration |
| 700 | 1 | |a Robson, Stuart |r Z6 |4 edt | |
| 700 | 1 | |a Kyle, Stephen |r Z6 |4 edt | |
| 700 | 1 | |a Boehm, Jan |r Z6 |4 edt | |
| 996 | |c V* 52569/O-23726 |l VV4 |s P |a 0 |w 0024147_0001 | ||